000
00340nam a2200145Ia 4500
100
_a
Balaguruswamy/ E
942
_c
BK
366
_f
15
654
_a
Programming With Java - A Primer
245
_a
Programming With Java - A Primer
260
_b
Tata Mc Graw hill
_a
New Delhi
_c
2000
082
_a
5.1
300
_a
453
546
_a
ENGLISH
999
_c
24968
_d
24968